000 00352pab a2200145 454500
008 180718b1989 xxu||||| |||| 00| 0 eng d
100 _aAhluwalia, Isher Judge
245 _aOur industrial policy
_bSome throughts
260 _c1989
300 _a27-31
362 _aJan.-Jun.
650 _aIndustry - India
773 _aUrban India
909 _a10539
999 _c10539
_d10539